Kvalita a jej vnímanie

Definícia kvality. Kvalita ako vnímanie produktu alebo služby zákazníkom. Rozdelenie zákazníkov z hľadiska náročnosti na produkt. Cena ako základná charakteristika pri porovnávaní kvality. Výrobcovia, kvalitné technológie, zisk. Udržiavanie a naháňanie zákazníkov ("from hunting to farming").

Salvato in:
Dettagli Bibliografici
Autore principale: Burieta, Ján
Natura: Capitolo di libro
Lingua:slovacco
Soggetti:
Tags: Aggiungi Tag
Nessun Tag, puoi essere il primo ad aggiungerne!!

MARC

LEADER 00000naa$a2200000$$$4500
001 0114149
005 20231116120914.7
041 0 |a slo 
044 |a SK 
245 1 0 |a Kvalita a jej vnímanie  |c Ján Burieta 
520 |a Definícia kvality. Kvalita ako vnímanie produktu alebo služby zákazníkom. Rozdelenie zákazníkov z hľadiska náročnosti na produkt. Cena ako základná charakteristika pri porovnávaní kvality. Výrobcovia, kvalitné technológie, zisk. Udržiavanie a naháňanie zákazníkov ("from hunting to farming"). 
610 2 0 |a kvalita tovaru 
610 2 0 |a kvalita výrobkov 
610 2 0 |a spoľahlivosť výrobkov 
610 2 0 |a produkty 
610 2 0 |a výroba 
610 2 0 |a technológie nové 
610 2 0 |a ceny 
610 2 0 |a zákazníci 
100 1 |a Burieta, Ján